00717nam a2200193Ia 4500003000900000008004100009020001800050040001600068080002100084111008400105245019300189260003400382300001600416650001400432650001400446700002100460700002000481700002200501IN-BaIIA211028s9999 xx 000 0 eng d a0-7923-6974-2 cIIA Library a52(082.2)bHIG-2 aScientific Meeting of Spanish Astronomical Societyn4thcSpaind2000 Sep. 11-14 0aHighlights of Spanish astrophysics IIbproceedings of the 4th scientific meeting of Spanish Astronomical Society, Santiago de Comostela, Spain, September 11-14, 2000cedited by J. Zamorano aLondonbKluwer Academicc2001 axxii, 409p. aAstronomy aCosmology aGallego, J., ed. aGorgas, J., ed. aZamorano, J., ed.